000 00664nam a2200181Ia 4500
008 090124s9999 xx 000 0 und d
082 _b10097
100 _aगोखले द. न.
245 _a डॉ. पटवर्धन उर्फ माधव जूलिय़न
250 _a1
260 _bमौज प्रकाशन गृह
_c1978
300 _a441
600 _aगोखले द. न.
630 _a डॉ. पटवर्धन उर्फ माधव जूलिय़न
700 _aगोखले द. न.
730 _a डॉ. पटवर्धन उर्फ माधव जूलिय़न
942 _cBOOK
999 _c85881
_d85881